00481nam a2200145Ia 4500008004100000100001100041245008500052245004900137260003000186260000900216300000800225650001800233650001500251856006900266170221s9999 xx 000 0 und d aJie Xu aNonlinear Analysis and Optimal Control of an Improved SIR Rumor Spreading Model  cJie Xu, Yahong Yu, Chengyi Gao, and Jian Sun bJournal of Communications c2012 a9 : xCommunication xMedia Arts uhttp://www.jocm.us/index.php?m=content&c=index&a=lists&catid=150